[Event "Sitges Sunway op 9th"]
[Site "Sitges"]
[Date "2022.12.20"]
[Round "8"]
[White "Follana Albelda, Lucia"]
[Black "Baert, Andy"]
[Result "1/2-1/2"]
[WhiteElo "1938"]
[BlackElo "2156"]
[PlyCount "78"]
[EventDate "2022.12.12"]
[EventType "swiss"]
[EventRounds "10"]
[EventCountry "ESP"]
[SourceTitle "CBM 211 Extra"]
[Source "ChessBase"]
[SourceDate "2023.01.31"]
[SourceVersion "1"]
[SourceVersionDate "2023.01.31"]
[SourceQuality "1"]

1. e4 c5 2. Nf3 d6 3. d4 cxd4 4. Nxd4 Nf6 5. Nc3 a6 6. f3 e5 7. Nb3 Be6 8. Be3 Be7 9. Qd2 0-0 10. 0-0-0 Nbd7 11. g4 b5 12. g5 b4 13. Ne2 Ne8 14. f4 a5 15. f5 a4 16. fxe6 axb3 17. cxb3 fxe6 18. Bh3 Rxa2 19. Bxe6+ Kh8 20. Ng3 Nc7 21. Bc4 Qa8 22. Rhf1 Rxf1 23. Rxf1 Ra1+ 24. Kc2 Rxf1 25. Bxf1 d5 26. exd5 Nxd5 27. Kb1 Nxe3 28. Qxe3 Qd5 29. Bc4 Bc5 30. Qe2 Qc6 31. Bb5 Qc7 32. Qc2 Nb6 33. Qe4 Qe7 34. Qc6 g6 35. Ne4 Bd4 36. Nf6 Kg7 37. h4 Qf7 38. Ne8+ Kg8 39. Nf6+ Kg7 1/2-1/2

[Event "Sitges Sunway op 9th"]
[Site "Sitges"]
[Date "2022.12.17"]
[Round "6"]
[White "Tudor, Henry Edward"]
[Black "Baert, Andy"]
[Result "1-0"]
[WhiteElo "1942"]
[BlackElo "2156"]
[PlyCount "109"]
[EventDate "2022.12.12"]
[EventType "swiss"]
[EventRounds "10"]
[EventCountry "ESP"]
[SourceTitle "CBM 211 Extra"]
[Source "ChessBase"]
[SourceDate "2023.01.31"]
[SourceVersion "1"]
[SourceVersionDate "2023.01.31"]
[SourceQuality "1"]

1. d4 Nf6 2. c4 e6 3. Nc3 Bb4 4. Qc2 d6 5. Bg5 Nbd7 6. e3 h6 7. Bh4 b6 8. Bd3 Bxc3+ 9. Qxc3 Bb7 10. f3 Qe7 11. 0-0-0 e5 12. Bg3 0-0 13. e4 c5 14. d5 a6 15. Kb1 Rfb8 16. Ne2 b5 17. Bf2 Nb6 18. g4 Bc8 19. Qc1 bxc4 20. Bc2 a5 21. Nc3 a4 22. a3 Rb7 23. Rhg1 Nh7 24. h4 g5 25. hxg5 hxg5 26. Rh1 Nf8 27. Rh5 f6 28. Rdh1 Ng6 29. Rh6 Qg7 30. Nb5 Rd7 31. Nxd6 Rxd6 32. Bxc5 Rd7 33. Bxb6 Nh4 34. R1xh4 gxh4 35. Rxh4 Rb8 36. Ba5 Rdb7 37. Bc3 Rxb2+ 38. Bxb2 c3 39. Qh6 Rxb2+ 40. Kc1 Qxh6+ 41. Rxh6 Kg7 42. g5 Ra2 43. Rxf6 Bh3 44. Rb6 Ra1+ 45. Rb1 Rxa3 46. Rb7+ Kg6 47. Kb1 Kxg5 48. d6 Kf4 49. Rf7+ Ke3 50. Rf5 Rb3+ 51. Bxb3 axb3 52. d7 Bf1 53. d8Q Bd3+ 54. Qxd3+ Kxd3 55. Rxe5 1-0

[Event "Sitges Sunway op 9th"]
[Site "Sitges"]
[Date "2022.12.15"]
[Round "4"]
[White "Bonoo, Iwan"]
[Black "Baert, Andy"]
[Result "0-1"]
[WhiteElo "1925"]
[BlackElo "2156"]
[PlyCount "66"]
[EventDate "2022.12.12"]
[EventType "swiss"]
[EventRounds "10"]
[EventCountry "ESP"]
[SourceTitle "CBM 211 Extra"]
[Source "ChessBase"]
[SourceDate "2023.01.31"]
[SourceVersion "1"]
[SourceVersionDate "2023.01.31"]
[SourceQuality "1"]

1. d4 Nf6 2. c4 e6 3. Nc3 Bb4 4. Nf3 0-0 5. e3 b6 6. Bd3 Bb7 7. 0-0 d5 8. Qe2 Nbd7 9. cxd5 exd5 10. Bd2 a6 11. Rac1 Re8 12. Rfd1 Bd6 13. Bb1 Ne4 14. Nxe4 dxe4 15. Ne1 Qh4 16. g3 Qh3 17. Qf1 Qh5 18. Qg2 Nf6 19. Nd3 Bc8 20. Nf4 Qh6 21. h4 Bg4 22. Re1 Bf3 23. Qh3 Bg4 24. Qg2 Rad8 25. Bc2 c5 26. Bc3 Bxf4 27. gxf4 Qxh4 28. dxc5 Bf3 29. Qh2 Qg4+ 30. Qg3 Qh5 31. Qh2 Rd5 32. Bxf6 Qg4+ 33. Qg3 Rh5 0-1

[Event "Gibraltar Masters 18th"]
[Site "Caleta"]
[Date "2020.01.21"]
[Round "1"]
[White "Baert, Andy"]
[Black "Abdumalik, Zhansaya"]
[Result "0-1"]
[WhiteElo "2138"]
[BlackElo "2471"]
[PlyCount "84"]
[EventDate "2020.01.21"]
[EventType "swiss"]
[EventRounds "10"]
[EventCountry "GGB"]
[SourceTitle "CBM 194 Extra"]
[Source "ChessBase"]
[SourceDate "2020.03.31"]
[SourceVersion "1"]
[SourceVersionDate "2020.03.31"]
[SourceQuality "1"]

1. Nf3 Nf6 2. c4 c5 3. Nc3 b6 4. e4 d6 5. d4 cxd4 6. Nxd4 Bb7 7. f3 e6 8. Be3 Nbd7 9. Be2 a6 10. 0-0 Qc7 11. a4 Be7 12. a5 0-0 13. Nb3 d5 14. cxd5 exd5 15. axb6 Nxb6 16. Rc1 Qd6 17. e5 Qe6 18. Bd4 Nfd7 19. f4 Rad8 20. Na5 Ba8 21. Na2 Nc4 22. Nxc4 dxc4 23. Bxc4 Qg6 24. Qe2 Bc5 25. Bxc5 Nxc5 26. Rcd1 h5 27. Nc3 Rxd1 28. Rxd1 Qf5 29. Nd5 Bxd5 30. Rxd5 Ne6 31. g3 h4 32. Qd3 Qg4 33. Qd1 Qg6 34. Bd3 Qh6 35. Bf5 hxg3 36. hxg3 Nxf4 37. gxf4 Qxf4 38. e6 Qe3+ 39. Kh1 Qh6+ 40. Kg2 fxe6 41. Rd8 Qg5+ 42. Bg4 Rxd8 0-1

[Event "Gibraltar Masters 17th"]
[Site "Caleta"]
[Date "2019.01.23"]
[Round "2"]
[White "Batsiashvili, Nino"]
[Black "Baert, Andy"]
[Result "1-0"]
[WhiteElo "2459"]
[BlackElo "2147"]
[PlyCount "81"]
[EventDate "2019.01.22"]
[EventType "swiss"]
[EventRounds "10"]
[EventCountry "GGB"]
[SourceTitle "CBM 188 Extra"]
[Source "ChessBase"]
[SourceDate "2019.02.26"]
[SourceVersion "1"]
[SourceVersionDate "2019.02.26"]
[SourceQuality "1"]

1. d4 Nf6 2. c4 e6 3. Nf3 d5 4. g3 Be7 5. Bg2 0-0 6. 0-0 dxc4 7. Qc2 Bd7 8. Qxc4 Bc6 9. Nc3 Nbd7 10. Re1 Ne4 11. Qd3 Ndf6 12. Ne5 Nxc3 13. Bxc6 Nxe2+ 14. Rxe2 bxc6 15. Nxc6 Qd7 16. Rc2 Nd5 17. Bd2 Bd6 18. Rac1 f6 19. b4 Qf7 20. b5 Qg6 21. Qxg6 hxg6 22. a4 Kf7 23. h4 Ke8 24. a5 Kd7 25. a6 Rh8 26. Na5 Rh5 27. Nb7 Rb8 28. Ba5 g5 29. hxg5 Rxg5 30. Rc6 Rg4 31. Nxd6 cxd6 32. Rc7+ Nxc7 33. Rxc7+ Ke8 34. Rb7 Ra8 35. Bc3 Kd8 36. Kg2 Rg5 37. f4 Rd5 38. Rxg7 Rc8 39. b6 axb6 40. a7 Rb5 41. Rg8+ 1-0

[Event "Gibraltar Masters 16th"]
[Site "Caleta"]
[Date "2018.01.24"]
[Round "2"]
[White "Kollars, Dmitrij"]
[Black "Baert, Andy"]
[Result "1-0"]
[WhiteElo "2505"]
[BlackElo "2164"]
[PlyCount "123"]
[EventDate "2018.01.23"]
[EventType "swiss"]
[EventRounds "10"]
[EventCountry "GGB"]
[SourceTitle "CBM 183"]
[Source "ChessBase"]
[SourceDate "2018.03.14"]
[SourceVersion "1"]
[SourceVersionDate "2018.03.14"]
[SourceQuality "1"]

1. e4 c5 2. Nf3 d6 3. Bb5+ Nd7 4. 0-0 Ngf6 5. Re1 a6 6. Bd3 b5 7. c4 bxc4 8. Bxc4 Nb6 9. d3 e6 10. Bb3 Be7 11. Nc3 0-0 12. d4 cxd4 13. Nxd4 Bb7 14. Bxe6 fxe6 15. Nxe6 Qc8 16. Nxf8 Kxf8 17. Bf4 Qe6 18. Qd4 Nbd7 19. Rad1 Ne5 20. Qb6 Qc8 21. Nd5 Bxd5 22. exd5 Nfd7 23. Qe3 Bf6 24. Qh3 Qc2 25. Rc1 Qxb2 26. Qxh7 Re8 27. Qh8+ Ke7 28. Qh3 Kf8 29. Be3 Qb7 30. Red1 Kg8 31. Rb1 Qc7 32. Rdc1 Nc5 33. Bxc5 dxc5 34. Re1 Qc8 35. Qh5 Nf7 36. Rxe8+ Qxe8 37. d6 Nxd6 38. Qxc5 Nb5 39. Kf1 Nc3 40. Qc4+ Kh7 41. Rb3 Qd7 42. g4 Qd2 43. Qe6 Qf4 44. a3 a5 45. Kg2 Be5 46. Qf5+ Qxf5 47. gxf5 Kh6 48. f4 Bf6 49. Kf3 Kh7 50. Rb7 Kg8 51. Ke3 Kf8 52. Kd3 Ke8 53. Ra7 a4 54. Kc4 Kd8 55. h4 Ke8 56. h5 Kf8 57. Ra6 Nd1 58. Kd5 Kg8 59. h6 Bb2 60. Ra8+ Kh7 61. hxg7 Kxg7 62. Ke6 1-0

[Event "BEL-chT 1617"]
[Site "Belgium"]
[Date "2017.02.12"]
[Round "7.8"]
[White "Sterck, Arno"]
[Black "Baert, Andy"]
[Result "1-0"]
[WhiteElo "2191"]
[BlackElo "2188"]
[PlyCount "65"]
[EventDate "2016.10.02"]
[EventType "team-tourn"]
[EventRounds "11"]
[EventCountry "BEL"]
[SourceTitle "EXT 2018"]
[Source "ChessBase"]
[SourceDate "2017.10.13"]
[SourceVersion "1"]
[SourceVersionDate "2017.10.13"]
[SourceQuality "1"]
[WhiteTeam "KBSK Brugge"]
[BlackTeam "Borgerhout"]
[WhiteTeamCountry "BEL"]
[BlackTeamCountry "BEL"]

1. e4 c5 2. Nf3 d6 3. d4 cxd4 4. Nxd4 Nf6 5. Nc3 a6 6. Bg5 e6 7. f4 Nbd7 8. Qe2 Qc7 9. 0-0-0 Be7 10. g4 h6 11. Bh4 g5 12. fxg5 hxg5 13. Bxg5 Ne5 14. Rg1 b5 15. a3 Bb7 16. Bd2 Qc5 17. Be1 0-0-0 18. Rg3 Kb8 19. h3 Nfd7 20. Nb3 Qc7 21. Na2 Nc4 22. Bc3 Nde5 23. Kb1 Bg5 24. Nb4 Bf4 25. Rgd3 Nxd3 26. cxd3 Ne5 27. Qf2 Bg5 28. Bd4 Rc8 29. Bb6 Qd7 30. Bg2 Bd8 31. Na5 Bxb6 32. Qxb6 Qc7 33. Nxa6+ 1-0

[Event "Gibraltar Masters 15th"]
[Site "Caleta"]
[Date "2017.01.29"]
[Round "6"]
[White "Derakhshani, Dorsa"]
[Black "Baert, Andy"]
[Result "1-0"]
[WhiteElo "2370"]
[BlackElo "2210"]
[PlyCount "181"]
[EventDate "2017.01.24"]
[EventType "swiss"]
[EventRounds "10"]
[EventCountry "GGB"]
[SourceTitle "CBM 177"]
[Source "ChessBase"]
[SourceDate "2017.03.16"]
[SourceVersion "1"]
[SourceVersionDate "2017.03.16"]
[SourceQuality "1"]

1. e4 c5 2. Nf3 d6 3. d4 cxd4 4. Nxd4 Nf6 5. Nc3 a6 6. Be3 Ng4 7. Bc1 Nf6 8. Be2 Nbd7 9. Be3 e6 10. f4 Qc7 11. Bf3 e5 12. Nf5 g6 13. fxe5 dxe5 14. Nh6 Bc5 15. Bg5 Bd4 16. Qd2 b5 17. Rf1 Bxc3 18. bxc3 Bb7 19. 0-0-0 Rf8 20. Qe3 Rc8 21. Rd3 b4 22. Ng4 Ng8 23. Rfd1 Bc6 24. cxb4 Ba4 25. R1d2 f6 26. Bh4 Nb6 27. Qc5 Qxc5 28. bxc5 Rxc5 29. Rd8+ Ke7 30. Rxf8 Kxf8 31. Nxf6 Nxf6 32. Bxf6 Nc4 33. Rd3 Kf7 34. Bd8 h5 35. Rc3 Rc8 36. Bh4 Bd7 37. Bg3 Kf6 38. Be2 Be6 39. Rb3 Ke7 40. Bh4+ Kd7 41. Rc3 a5 42. a4 Kd6 43. Be1 Rc5 44. Rg3 Bf7 45. Rf3 Ke7 46. Bh4+ Ke8 47. Rb3 Kd7 48. Rd3+ Nd6 49. Bf2 Rc6 50. Bg3 Bc4 51. Rd2 Ke6 52. Bxc4+ Rxc4 53. Rd5 Rxa4 54. Rxe5+ Kf6 55. Rd5 Nxe4 56. Bc7 Ra1+ 57. Kb2 Rg1 58. Re5 Nf2 59. Re2 Nd1+ 60. Ka3 Kf5 61. Bxa5 Rf1 62. Kb3 Nf2 63. Be1 Ne4 64. c4 Nc5+ 65. Kc3 Rf4 66. Re8 Rg4 67. Re2 g5 68. Bd2 Ne4+ 69. Kb3 h4 70. Be3 h3 71. gxh3 Rh4 72. Kb4 Rxh3 73. Bb6 Rh4 74. Bc7 Rh7 75. Bb6 Rh4 76. Rc2 Nd6 77. Kc5 Nxc4 78. Rxc4 Rxh2 79. Kd5 Re2 80. Rc8 g4 81. Rf8+ Kg6 82. Bd4 Kg5 83. Bf6+ Kh5 84. Be5 Re3 85. Rh8+ Kg5 86. Rg8+ Kf5 87. Rf8+ Kg6 88. Ke6 Rf3 89. Bf4 Kg7 90. Rf5 g3 91. Be5+ 1-0

[Event "Gibraltar Masters 15th"]
[Site "Caleta"]
[Date "2017.01.26"]
[Round "3"]
[White "Baert, Andy"]
[Black "Karavade, Eesha"]
[Result "1/2-1/2"]
[WhiteElo "2210"]
[BlackElo "2418"]
[PlyCount "29"]
[EventDate "2017.01.24"]
[EventType "swiss"]
[EventRounds "10"]
[EventCountry "GGB"]
[SourceTitle "CBM 177"]
[Source "ChessBase"]
[SourceDate "2017.03.16"]
[SourceVersion "1"]
[SourceVersionDate "2017.03.16"]
[SourceQuality "1"]

1. d4 e6 2. c4 Bb4+ 3. Nc3 b6 4. e4 Bb7 5. Bd3 f5 6. f3 Nh6 7. h4 fxe4 8. fxe4 0-0 9. Qh5 Qf6 10. Nf3 Qf7 11. Qg5 Bd6 12. Nb5 Bb4+ 13. Nc3 Bd6 14. Nb5 Bb4+ 15. Nc3 1/2-1/2

[Event "BEL-chT 1516"]
[Site "Belgium"]
[Date "2016.04.24"]
[Round "11.6"]
[White "Uhoda, Philippe"]
[Black "Baert, Andy"]
[Result "1-0"]
[WhiteElo "2118"]
[BlackElo "2173"]
[PlyCount "53"]
[EventDate "2015.09.27"]
[EventType "team-tourn"]
[EventRounds "11"]
[EventCountry "BEL"]
[SourceTitle "EXT 2017"]
[Source "ChessBase"]
[SourceDate "2016.10.25"]
[SourceVersion "1"]
[SourceVersionDate "2016.10.25"]
[SourceQuality "1"]
[WhiteTeam "Namur"]
[BlackTeam "Borgerhout"]
[WhiteTeamCountry "BEL"]
[BlackTeamCountry "BEL"]

1. d4 Nf6 2. c4 e6 3. Nc3 Bb4 4. Nf3 b6 5. g3 Ba6 6. Qb3 c5 7. a3 Ba5 8. Bg2 Nc6 9. 0-0 0-0 10. Rd1 cxd4 11. Nb5 d5 12. cxd5 Nxd5 13. Nfxd4 Nxd4 14. Nxd4 Qf6 15. e4 Ne7 16. Qa4 e5 17. Nf5 Nxf5 18. exf5 Rad8 19. Be3 Rxd1+ 20. Rxd1 Be2 21. Rc1 Qxf5 22. b4 Rd8 23. bxa5 Qd3 24. axb6 axb6 25. h3 b5 26. Qc2 e4 27. Bxe4 1-0

[Event "Gibraltar Masters 14th"]
[Site "Caleta"]
[Date "2016.02.01"]
[Round "7"]
[White "Zhao, Xue"]
[Black "Baert, Andy"]
[Result "1-0"]
[WhiteElo "2506"]
[BlackElo "2184"]
[PlyCount "53"]
[EventDate "2016.01.26"]
[EventType "swiss"]
[EventRounds "10"]
[EventCountry "GGB"]
[SourceTitle "CBM 171"]
[Source "ChessBase"]
[SourceDate "2016.03.14"]
[SourceVersion "2"]
[SourceVersionDate "2016.03.14"]
[SourceQuality "1"]

1. c4 Nf6 2. Nc3 c5 3. Nf3 Nc6 4. e3 e6 5. d4 cxd4 6. exd4 d5 7. a3 Be7 8. Bd3 0-0 9. 0-0 dxc4 10. Bxc4 a6 11. Bd3 b5 12. b4 Bb7 13. Bb2 Qd6 14. Qd2 Rfd8 15. Rad1 Rac8 16. Rfe1 Ba8 17. Bb1 Bf8 18. Qg5 Ne7 19. Ne5 Ned5 20. Ne2 a5 21. bxa5 Qa6 22. Rd3 Qxa5 23. Red1 Qa4 24. Re1 b4 25. Rh3 bxa3 26. Bxh7+ Nxh7 27. Qh5 1-0

[Event "Gibraltar Masters 14th"]
[Site "Caleta"]
[Date "2016.01.27"]
[Round "2"]
[White "Baert, Andy"]
[Black "Chidi, Lovinia Sylvia"]
[Result "1-0"]
[WhiteElo "2184"]
[BlackElo "1780"]
[PlyCount "53"]
[EventDate "2016.01.26"]
[EventType "swiss"]
[EventRounds "10"]
[EventCountry "GGB"]
[SourceTitle "CBM 171"]
[Source "ChessBase"]
[SourceDate "2016.03.14"]
[SourceVersion "2"]
[SourceVersionDate "2016.03.14"]
[SourceQuality "1"]

1. d4 d6 2. e4 Nf6 3. Nc3 g6 4. Bg5 Bg7 5. f4 c6 6. Nf3 Bg4 7. h3 Bxf3 8. Qxf3 Qb6 9. 0-0-0 Na6 10. e5 Nd7 11. exd6 e6 12. Bxa6 bxa6 13. f5 0-0 14. fxe6 fxe6 15. Qe4 Rae8 16. Be7 e5 17. Bxf8 Rxf8 18. dxe5 Rb8 19. Qc4+ Kh8 20. Na4 Qe3+ 21. Kb1 Qxe5 22. c3 Qf5+ 23. Ka1 Ne5 24. Qc5 Qd7 25. Rhe1 Rb5 26. Qf2 Kg8 27. Nc5 1-0

[Event "Gibraltar Masters 14th"]
[Site "Caleta"]
[Date "2016.01.26"]
[Round "1"]
[White "Handke, Florian"]
[Black "Baert, Andy"]
[Result "1-0"]
[WhiteElo "2533"]
[BlackElo "2184"]
[PlyCount "65"]
[EventDate "2016.01.26"]
[EventType "swiss"]
[EventRounds "10"]
[EventCountry "GGB"]
[SourceTitle "CBM 171"]
[Source "ChessBase"]
[SourceDate "2016.03.14"]
[SourceVersion "2"]
[SourceVersionDate "2016.03.14"]
[SourceQuality "1"]

1. e4 c5 2. Nf3 d6 3. d4 cxd4 4. Nxd4 Nf6 5. Nc3 b6 6. h3 e6 7. g4 Be7 8. g5 Nfd7 9. h4 Nc6 10. Be3 0-0 11. Rg1 Nxd4 12. Qxd4 Ne5 13. Be2 b5 14. f4 Nc4 15. Bxc4 bxc4 16. 0-0-0 Qa5 17. h5 Rd8 18. h6 Bf8 19. f5 exf5 20. Nd5 Be6 21. Ne7+ Kh8 22. hxg7+ Bxg7 23. Rh1 Be5 24. g6 fxg6 25. Nxg6+ Kg7 26. Nxe5 dxe5 27. Rdg1+ Kh8 28. Bg5 Rf8 29. Qd6 Rae8 30. Bd2 Qb5 31. Bc3 Bg8 32. a4 Qb8 33. Qxb8 1-0

[Event "Gibraltar Masters 13th"]
[Site "Caleta"]
[Date "2015.01.27"]
[Round "1"]
[White "Blomqvist, Erik"]
[Black "Baert, Andy"]
[Result "1-0"]
[WhiteElo "2520"]
[BlackElo "2114"]
[PlyCount "49"]
[EventDate "2015.01.27"]
[EventType "swiss"]
[EventRounds "10"]
[EventCountry "GGB"]
[SourceTitle "CBM 165"]
[Source "ChessBase"]
[SourceDate "2015.03.11"]
[SourceVersion "1"]
[SourceVersionDate "2015.03.11"]
[SourceQuality "1"]

1. e4 c5 2. Nf3 d6 3. d4 cxd4 4. Nxd4 Nf6 5. Nc3 a6 6. h3 e6 7. g4 Be7 8. Bg2 Nfd7 9. 0-0 0-0 10. f4 Nc6 11. Nde2 b5 12. Ng3 b4 13. Nce2 Qb6+ 14. Kh2 a5 15. g5 Ba6 16. h4 Rfe8 17. Bh3 Bf8 18. Rf3 Rad8 19. Be3 Nc5 20. Qg1 Bxe2 21. Nxe2 Qb5 22. Ng3 Qc4 23. Rf2 Nxe4 24. Bf1 Qd5 25. Bg2 1-0

[Event "Gibraltar Masters 12th"]
[Site "Caleta"]
[Date "2014.01.30"]
[Round "3"]
[White "Baert, Andy"]
[Black "Deac, Bogdan Daniel"]
[Result "0-1"]
[WhiteElo "2104"]
[BlackElo "2289"]
[PlyCount "120"]
[EventDate "2014.01.28"]
[EventType "swiss"]
[EventRounds "10"]
[EventCountry "GGB"]
[SourceTitle "CBM 159"]
[Source "ChessBase"]
[SourceDate "2014.03.17"]
[SourceVersion "1"]
[SourceVersionDate "2014.03.17"]
[SourceQuality "1"]

1. d4 Nf6 2. c4 c5 3. d5 b5 4. cxb5 a6 5. bxa6 g6 6. Nc3 Bxa6 7. e4 Bxf1 8. Kxf1 d6 9. Nf3 Bg7 10. g3 0-0 11. Kg2 Nbd7 12. a4 Ra6 13. Qc2 Qa8 14. Nb5 Rc8 15. Bd2 Ne8 16. Bc3 Bxc3 17. bxc3 Nb6 18. Ra2 Nc7 19. Rha1 Ra5 20. Qb3 c4 21. Qc2 Na6 22. Nfd4 Nc5 23. Nc6 Rxc6 24. dxc6 Qxc6 25. Nd4 Qa8 26. f3 Nbxa4 27. Qe2 Qa6 28. e5 d5 29. Ra3 Nxc3 30. Rxa5 Nxe2 31. Rxa6 Nxd4 32. Ra8+ Kg7 33. Rd1 Nd3 34. Ra3 Nc2 35. Raxd3 cxd3 36. Kf2 Nb4 37. Ke3 Nc6 38. f4 h5 39. Rxd3 e6 40. Rb3 Ne7 41. Rb7 Nf5+ 42. Kf3 Nd4+ 43. Kf2 Nf5 44. h3 Nd4 45. g4 hxg4 46. hxg4 g5 47. Ke3 Nc6 48. f5 exf5 49. gxf5 Nxe5 50. Kd4 Kf6 51. Kxd5 Kxf5 52. Rb1 g4 53. Kd4 Kf4 54. Rf1+ Nf3+ 55. Kd3 f5 56. Ke2 Kg3 57. Rd1 f4 58. Kd3 Nh2 59. Kd4 f3 60. Ke3 f2 0-1

[Event "BEL-chT 1314"]
[Site "Belgium"]
[Date "2014.01.12"]
[Round "7.8"]
[White "Baert, Andy"]
[Black "Fayard, Alain"]
[Result "1-0"]
[WhiteElo "2128"]
[BlackElo "2259"]
[PlyCount "37"]
[EventDate "2013.09.22"]
[EventType "team-tourn"]
[EventRounds "11"]
[EventCountry "BEL"]
[SourceTitle "EXT 2015"]
[Source "ChessBase"]
[SourceDate "2014.11.20"]
[SourceVersion "1"]
[SourceVersionDate "2014.11.20"]
[SourceQuality "1"]
[WhiteTeam "Borgerhout"]
[BlackTeam "Charleroi CREC"]
[WhiteTeamCountry "BEL"]
[BlackTeamCountry "BEL"]

1. d4 Nf6 2. c4 e6 3. Nc3 Bb4 4. Qc2 Nc6 5. Nf3 0-0 6. Bg5 h6 7. Bh4 g5 8. Bg3 g4 9. Nh4 Nxd4 10. Qd2 c5 11. Qxh6 Qa5 12. Rc1 Qxa2 13. Ng6 fxg6 14. Qxg6+ Kh8 15. h3 Nf3+ 16. gxf3 gxf3 17. Rg1 Qxb2 18. Qh6+ Kg8 19. Bd6+ 1-0

[Event "BEL-chT 1314"]
[Site "Belgium"]
[Date "2013.11.17"]
[Round "4.7"]
[White "Verlinde, Tieme"]
[Black "Baert, Andy"]
[Result "1-0"]
[WhiteElo "2243"]
[BlackElo "2128"]
[PlyCount "51"]
[EventDate "2013.09.22"]
[EventType "team-tourn"]
[EventRounds "11"]
[EventCountry "BEL"]
[SourceTitle "EXT 2015"]
[Source "ChessBase"]
[SourceDate "2014.11.20"]
[SourceVersion "1"]
[SourceVersionDate "2014.11.20"]
[SourceQuality "1"]
[WhiteTeam "KBSK Brugge"]
[BlackTeam "Borgerhout"]
[WhiteTeamCountry "BEL"]
[BlackTeamCountry "BEL"]

1. e4 c5 2. Nf3 d6 3. d3 g6 4. g3 Bg7 5. Bg2 Nc6 6. 0-0 e6 7. Nbd2 Nge7 8. c3 0-0 9. a4 d5 10. Re1 d4 11. cxd4 Nxd4 12. Nxd4 Bxd4 13. Nb3 Nc6 14. Bh6 Re8 15. e5 Bxb2 16. Nxc5 Bxa1 17. Qxa1 Qd4 18. Qc1 Nxe5 19. Re4 Qd6 20. Qf4 f5 21. Rxe5 Bd7 22. Bxb7 Rab8 23. Rxf5 e5 24. Qc4+ Be6 25. Nxe6 Rxe6 26. Rf6 1-0